000 00307nam a22001337a 4500
008 180316b xxu||||| |||| 00| 0 eng d
020 _a0393967042
041 _aeng
080 _a82
100 _a23
101 _agju
245 _athe norton introduction to literature
_ccrockett.b
942 _2udc
_cBK
999 _c45221
_d45221